|
|
|
|
| LEADER |
01061nam a2200337 4500 |
| 001 |
DLU180185953 |
| 005 |
##20180720 |
| 020 |
# |
# |
|a 9786045504529
|
| 040 |
# |
# |
|a DLU
|b vie
|
| 041 |
# |
# |
|a vie
|
| 044 |
# |
# |
|a vn
|
| 082 |
# |
# |
|a 745.7
|b PH-K
|
| 100 |
# |
# |
|a Phan Ngọc Khuê.
|
| 245 |
# |
# |
|a Tranh dân gian Hàng Trống Hà Nội /
|c Phan Ngọc Khuê.
|
| 260 |
# |
# |
|a H. :
|b Nxb. Hà Nội,
|c 2015.
|
| 300 |
# |
# |
|a 571 tr. :
|b minh họa ;
|c 24 cm.
|
| 504 |
# |
# |
|a Sách tham khảo: tr. 567-569.
|
| 505 |
# |
# |
|a Phần thứ nhất. Tranh dân gian Hàng Trống - nghệ thuật tạo hình độc đáo của Thăng Long - Hà Nội -- Phần thứ hai. Tranh dân gian Hàng Trống.
|
| 650 |
# |
# |
|a Nghệ thuật dân gian
|z Việt Nam
|z Hàng Trống (Hà Nội).
|
| 650 |
# |
# |
|a Tranh
|z Việt Nam
|z Hàng Trống (Hà Nội).
|
| 923 |
# |
# |
|a 02/2018
|
| 991 |
# |
# |
|a SH
|
| 992 |
# |
# |
|a 29000
|
| 994 |
# |
# |
|a DLU
|
| 900 |
# |
# |
|a True
|
| 911 |
# |
# |
|a Nguyễn Thanh Hương
|
| 925 |
# |
# |
|a G
|
| 926 |
# |
# |
|a A
|
| 927 |
# |
# |
|a SH
|
| 980 |
# |
# |
|a Thư viện Trường Đại học Đà Lạt
|